[Event "HUN-ch"]
[Site "Budapest"]
[Date "1977.??.??"]
[Round "?"]
[White "Schneider, Attila"]
[Black "Hazai, Laszlo"]
[Result "1-0"]
[WhiteElo "2390"]
[BlackElo "2440"]

1.Nf3 g6 2.d4 d6 3.c4 Bg7 4.Nc3 Nf6 5.e4 O-O 6.Be2 e5 7.d5 Nbd7 8.O-O Nc5
9.Qc2 a5 10.Bg5 h6 11.Be3 Nfd7 12.Ne1 f5 13.f3 f4 14.Bf2 Bf6 15.Nd3 Nxd3
16.Bxd3 Bh4 17.Bxh4 Qxh4 18.a3 Nf6 19.b4 g5 20.Qf2 Qh5 21.c5 g4 22.Be2 g3
23.hxg3 Qg5 24.gxf4 exf4 25.Rfd1 Nh5 26.Kf1 Qe5 27.Rac1 axb4 28.axb4 Ng3+
29.Ke1 Ra3 30.Qd4 Qxd4 31.Rxd4 Bd7 32.Bc4 Kg7 33.Rd2 Kf6 34.Ne2 Nh5 35.Kf2 Rfa8
36.c6 bxc6 37.dxc6 Bxc6 38.Bd5 Bxd5 39.Rxd5 Ng7 40.Rxc7 Ne6 41.Rf5+ Kg6 42.Re7  1-0

[Event "Club Argentino"]
[Site "Buenos Aires"]
[Date "1977.??.??"]
[Round "10"]
[White "Amado, Claudio"]
[Black "Najdorf, Miguel"]
[Result "1/2-1/2"]
[WhiteElo "2310"]
[BlackElo "2525"]

1.d4 Nf6 2.c4 d6 3.Nc3 Nbd7 4.e4 e5 5.Nf3 g6 6.Be2 Bg7 7.O-O O-O 8.Re1 c6
9.Bf1 a5 10.Rb1 Re8 11.d5 Nc5 12.b3 Bd7 13.a3 cxd5 14.cxd5 Rf8 15.Nd2 Bh6
16.a4 Ne8 17.Nc4 Bxc1 18.Qxc1 f5 19.f3 fxe4 20.fxe4 Qc7 21.Qe3 Nf6 22.Be2 Rf7
23.Rf1 Raf8 24.Nxa5 Ncxe4 25.Nxe4 Nxe4 26.Nc4 Rxf1+ 27.Bxf1 Nc5 28.Rc1 b5
29.Nxd6 Qxd6 30.Qxc5 Qxc5+ 31.Rxc5 bxa4 32.Rc7 Rd8 33.Bc4 axb3 34.Bxb3 Kf8
35.Kf2 Ke8 36.Ke3 Rb8 37.Bc4 Ke7 38.Ra7 Kd6 39.g3 Rb4 40.Kd3 Rb2 41.Ra2 Rxa2
42.Bxa2 Bh3 43.Bb3 Bg2 44.Ke3 Bxd5 45.Bc2 Be6 46.Bd3 Bf5 47.Be2 Be6 48.Bd3 Bd5
49.Be2 Ke7 50.Bd1 Kf6 51.Be2 Be6 52.Bf3 Bf5 53.Be2 Kg5 54.Bd1  1/2-1/2

[Event "CSR-ch int"]
[Site "Decin"]
[Date "1977.??.??"]
[Round "9"]
[White "Rukavina, Josip"]
[Black "Fernandez, Juan C"]
[Result "1-0"]
[WhiteElo "2410"]
[BlackElo "2420"]

1.Nf3 Nf6 2.c4 g6 3.Nc3 Bg7 4.e4 d6 5.d4 O-O 6.Be2 e5 7.Be3 Nbd7 8.O-O c6
9.Re1 Ng4 10.Bg5 f6 11.Bh4 h5 12.h3 Nh6 13.Qd2 g5 14.Nxg5 fxg5 15.Bxg5 Rf6
16.dxe5 dxe5 17.Bxh5 Nf7 18.Bxf7+ Kxf7 19.Rad1 Qf8 20.Bxf6 Bxf6 21.f4 Qc5+
22.Kh1 Nf8 23.Rf1 Ng6 24.fxe5 Qxe5 25.Qh6 Ne7 26.Rd8  1-0

[Event "SVK-ch"]
[Site "Detva"]
[Date "1977.??.??"]
[Round "8"]
[White "Banas, Jan"]
[Black "Franzen, Josef"]
[Result "1-0"]
[WhiteElo "2330"]
[BlackElo "2360"]

1.Nf3 Nf6 2.c4 g6 3.Nc3 Bg7 4.e4 d6 5.d4 O-O 6.Be2 e5 7.dxe5 dxe5 8.Qxd8 Rxd8
9.Bg5 Re8 10.O-O-O Ng4 11.Rhf1 f6 12.Bh4 c6 13.h3 Nh6 14.Ne1 Be6 15.Nc2 Nd7
16.f3 Nf7 17.Bf2 Bf8 18.h4 Rac8 19.h5 a6 20.hxg6 hxg6 21.g3 b5 22.f4 bxc4
23.f5 gxf5 24.exf5 Bxf5 25.Bxc4 Rc7 26.g4 Bh6+ 27.Kb1 Bg6 28.Bh4 Bf4 29.Ne2 Nb6
30.Nxf4 Bxc2+ 31.Kxc2 Nxc4 32.Ng2 Rb8 33.b3 Ncd6 34.Bxf6 c5 35.g5 c4 36.b4 Ne4
37.Ne3 Rxb4 38.Nd5 Ra4 39.Nxc7 Rxa2+ 40.Kc1 Nc3 41.Rd2 Ra1+ 42.Kc2 Rxf1 43.Kxc3 Rc1+
44.Kb2 Rg1 45.Ne6 Rg3 46.Rd7 a5 47.Ra7 Rb3+ 48.Kc2 Rb6 49.Ra8+  1-0

[Event "SVK-ch"]
[Site "Detva"]
[Date "1977.??.??"]
[Round "10"]
[White "Ftacnik, Lubomir"]
[Black "Franzen, Josef"]
[Result "1-0"]
[WhiteElo "2375"]
[BlackElo "2360"]

1.c4 Nf6 2.Nc3 g6 3.d4 Bg7 4.e4 d6 5.Be2 O-O 6.Nf3 e5 7.O-O Nbd7 8.Re1 c6
9.Bf1 a5 10.Rb1 Qe7 11.a3 Ng4 12.h3 Nh6 13.d5 c5 14.Nb5 Kh8 15.Bg5 Nf6 16.b4 axb4
17.axb4 b6 18.Nd2 Nhg8 19.Nb3 Bh6 20.Bxh6 Nxh6 21.bxc5 bxc5 22.Qd2 Kg7 23.Na5 Ne8
24.Ra1 Qh4 25.g3 Qh5 26.Qd1 Qxd1 27.Rexd1 f5 28.Nc6 Rxa1 29.Rxa1 fxe4 30.Ra8 Bd7
31.Ra7 Rf7 32.Nd8 Re7 33.Ne6+ Kf6 34.Nc3 Bxe6 35.Nxe4+ Kf7 36.Ng5+ Kf6 37.Nxh7+ Kf7
38.Ng5+ Kf6 39.Rxe7 Kxe7 40.Nxe6 Kf6 41.Bd3 g5 42.Kg2 Ng7 43.Nf8 Ke7 44.Nh7 Nf7
45.Bg6 Nh8 46.Be4 Nf7 47.Kf3 Kd8 48.Kg4  1-0

[Event "DDR-ch 26th"]
[Site "Frankfurt/Oder"]
[Date "1977.??.??"]
[Round "4"]
[White "Knaak, Rainer"]
[Black "Boensch, Uwe"]
[Result "1-0"]
[WhiteElo "2495"]
[BlackElo "2390"]

1.d4 Nf6 2.c4 d6 3.Nc3 Nbd7 4.e4 e5 5.Nf3 g6 6.Be2 Bg7 7.O-O O-O 8.Re1 c6
9.Bf1 exd4 10.Nxd4 Re8 11.Nc2 Nc5 12.f3 Qb6 13.Kh1 Be6 14.b4 Na6 15.Be3 Qc7
16.Qd2 Rad8 17.Rad1 Nd7 18.Na4 Nb6 19.Nxb6 axb6 20.Qf2 c5 21.b5 Nb8 22.Bg5 f6
23.Bf4 Qf7 24.Ne3 Bf8 25.Nd5 Bxd5 26.Rxd5 Nd7 27.Bxd6 Bxd6 28.Rxd6 Nf8 29.Red1 Qe7
30.Qg3 Ne6 31.e5 f5 32.f4 Nd4 33.Rxb6 Ra8 34.Rd2 Kh8 35.h4 Ra4 36.Qg5 Ra3
37.Rd6 Kg7 38.Be2 Re3 39.Bf3 Ne6 40.Qf6+ Qxf6 41.exf6+ Kxf6 42.Bxb7  1-0

[Event "DDR-ch (Women)"]
[Site "Frankfurt/Oder"]
[Date "1977.??.??"]
[Round "11"]
[White "Janssen, Lieselotte"]
[Black "Seidemann, Ulrike"]
[Result "0-1"]
[WhiteElo "1900"]
[BlackElo "2000"]

1.d4 Nf6 2.c4 g6 3.Nc3 Bg7 4.e4 d6 5.Nf3 O-O 6.Be2 e5 7.d5 Nbd7 8.h3 Nc5
9.Qc2 a5 10.Be3 b6 11.O-O Bd7 12.a4 Ne8 13.Nd2 f5 14.f4 exf4 15.Bxf4 Qh4
16.Bh2 Nf6 17.Nf3 Qh6 18.e5 dxe5 19.Nxe5 Ng4 20.Bxg4 fxg4 21.Nxd7 Nxd7 22.Qe4 Nf6
23.Qf4 g5 24.Qd2 gxh3 25.gxh3 Qxh3 26.Qxg5 Ng4 27.Bxc7 Kh8 28.Qd2 Rg8 29.Ne4 Ne3
30.Rf2 Bc3+  0-1

[Event "Toth mem"]
[Site "Kecskemet"]
[Date "1977.??.??"]
[Round "?"]
[White "Farago, Ivan"]
[Black "Vogt, Lothar"]
[Result "0-1"]
[WhiteElo "2500"]
[BlackElo "2495"]

1.d4 d6 2.c4 e5 3.Nf3 Nd7 4.Nc3 Ngf6 5.e4 g6 6.Be2 Bg7 7.O-O O-O 8.Re1 c6
9.Bf1 a5 10.Rb1 Re8 11.d5 Nc5 12.b3 Bd7 13.dxc6 bxc6 14.Qxd6 Nfxe4 15.Rxe4 Nxe4
16.Nxe4 Bf5 17.Nfd2 Qxd6 18.Nxd6 Bxb1 19.Nxe8 Bxa2 20.Nxg7 Kxg7 21.Bb2 f6
22.g4 Bxb3 23.Nxb3 Rb8 24.Nxa5 Rxb2 25.Nxc6 Kf7 26.Bd3 Ke6 27.Be4 f5 28.Bd5+ Kd6
29.f3 h5 30.g5 h4 31.Nd8 h3 32.Nf7+ Kc5  0-1

[Event "Toth mem"]
[Site "Kecskemet"]
[Date "1977.??.??"]
[Round "?"]
[White "Ermenkov, Evgenij"]
[Black "Hazai, Laszlo"]
[Result "1/2-1/2"]
[WhiteElo "2445"]
[BlackElo "2440"]

1.d4 d6 2.c4 e5 3.Nf3 Nd7 4.Nc3 Ngf6 5.e4 g6 6.Be2 Bg7 7.O-O O-O 8.Re1 c6
9.Bf1 a5 10.Rb1 Re8 11.d5 Nc5 12.b3 Bd7 13.Nd2 Bh6 14.dxc6 Bxc6 15.Qc2 Rf8
16.g3 Qd7 17.a3 Ne6 18.Nf3 Bxc1 19.Rbxc1 Qc7 20.Red1 Rfd8 21.Nd5 Bxd5 22.exd5 Nc5
23.b4 axb4 24.axb4 Na4 25.Qb3 Qb6 26.Nxe5 dxe5 27.c5 Nxc5 28.Rxc5 Ne4 29.Rc2 Rac8
30.Bg2 Rxc2 31.Qxc2 Nd6 32.Qc5 Qb5 33.Ra1 Qd7 34.Re1 Rc8 35.Qb6 Nc4 36.Qf6 Qd6
37.Qxd6 Nxd6 38.Rxe5 Rc1+ 39.Bf1 Rb1 40.Re7 Rxb4  1/2-1/2

[Event "DSV-Turnier"]
[Site "Leipzig"]
[Date "1977.??.??"]
[Round "9"]
[White "Adamski, Jan"]
[Black "Hesse, Peter"]
[Result "1-0"]
[WhiteElo "2470"]
[BlackElo "2415"]

1.c4 Nf6 2.Nc3 g6 3.e4 d6 4.d4 Bg7 5.Be2 O-O 6.Nf3 e5 7.Be3 Nbd7 8.O-O c6
9.Qc2 Qe7 10.Rad1 h6 11.Rfe1 a5 12.h3 exd4 13.Bxd4 Re8 14.Bf1 Ne5 15.Nxe5 dxe5
16.Be3 Be6 17.Na4 Nd7 18.c5 Nf8 19.Nb6 Rad8 20.Qa4 Rxd1 21.Rxd1 f5 22.Qxa5 f4
23.Bc1 g5 24.Be2 Qf7 25.Qc3 Qg6 26.Nc4 h5 27.f3 g4 28.fxg4 hxg4 29.Bxg4 Bxg4
30.hxg4 Ne6 31.Nd6 Rd8 32.b4 Qxg4 33.Qb3 Rd7 34.Bb2 Bf6 35.Qf3 Qg7 36.Nf5 Qh7
37.Qg4+ Kf8 38.Rxd7 Qxd7 39.Qg6 Qf7 40.Qxf7+ Kxf7 41.Nd6+ Ke7 42.Nxb7  1-0

[Event "Lone Pine"]
[Site "Lone Pine"]
[Date "1977.??.??"]
[Round "1"]
[White "Denker, Arnold S"]
[Black "Quinteros, Miguel A"]
[Result "1/2-1/2"]
[WhiteElo "2335"]
[BlackElo "2555"]

1.d4 Nf6 2.Nf3 g6 3.c4 Bg7 4.Nc3 O-O 5.e4 d6 6.Be2 Nbd7 7.O-O e5 8.Bg5 h6
9.Bh4 c6 10.Qd2 g5 11.Bg3 Nh5 12.d5 c5 13.Ne1 Nf4 14.Nc2 h5 15.f3 Bh6 16.Ne3 Nf6
17.Kh1 Kh8 18.a3 Rg8 19.Bf2 Qf8 20.Nf5 Bxf5 21.exf5 g4 22.Be3 g3 23.h3 Bg5
24.Rfe1 Qh6 25.Bf1 h4 26.Ne4 Nxe4 27.fxe4 Nh5 28.Bxg5 Qxg5 29.Qxg5 Rxg5 30.b4 b6
31.bxc5 dxc5 32.a4 Rgg8 33.a5 Nf6 34.Kg1 Rgb8 35.Bd3 Ne8 36.axb6 axb6 37.Kf1 Kg7
38.Ke2 Kf6 39.Reb1 Rxa1 40.Rxa1 Nd6 41.Ra6 Kg5 42.Ke3 Rb7 43.Be2 Rb8 44.Ra7 Rb7
45.Ra8 b5 46.cxb5 Nxb5 47.Rg8+ Kf6 48.Rc8 Nd4 49.Bd3 Ke7 50.Rxc5 Kd6 51.Ra5 Rb2
52.Ra6+ Kd7 53.Ra7+ Kd6 54.Ra6+ Kc7 55.Ra7+ Kd6  1/2-1/2

[Event "Lone Pine"]
[Site "Lone Pine"]
[Date "1977.??.??"]
[Round "6"]
[White "Sahovic, Dragutin"]
[Black "Olafsson, Helgi"]
[Result "1-0"]
[WhiteElo "2460"]
[BlackElo "2385"]

1.d4 Nf6 2.c4 g6 3.Nc3 Bg7 4.e4 d6 5.Nf3 O-O 6.Be2 e5 7.Be3 Nbd7 8.d5 a5
9.O-O Ne8 10.a3 Qe7 11.Nd2 f5 12.f3 Bf6 13.Qc2 Bg5 14.Bf2 Nc5 15.b4 axb4
16.axb4 Rxa1 17.Rxa1 Na6 18.Rb1 Bh4 19.Nd1 Bxf2+ 20.Nxf2 Nf6 21.c5 fxe4 22.fxe4 Nh5
23.c6 Nf4 24.Bf1 bxc6 25.dxc6 Nb8 26.b5 Ne6 27.Bc4 Kg7 28.Nb3 Qg5 29.Bxe6 Bxe6
30.Qd2 Qxd2 31.Nxd2 Kf6 32.Ra1 Ke7 33.Ra7 Rc8 34.Nd3 d5 35.exd5 Bxd5 36.Nxe5 Kd6
37.Nef3 Kc5 38.Rb7 Rh8 39.Kf2 Nd7 40.Rxc7 Nb6 41.Rg7 Kxb5 42.c7 Kc6 43.Ng5 h6
44.Rxg6+ Kxc7 45.Nh3 Rg8 46.Rxg8 Bxg8 47.Kg3 Kd6 48.Kh4 Bf7 49.Nf2 Ke6 50.Ng4 h5
51.Nh6 Be8 52.Kg5 Nd5 53.Nf5 Ke5 54.Nc4+  1-0

[Event "Lone Pine"]
[Site "Lone Pine"]
[Date "1977.??.??"]
[Round "7"]
[White "Sahovic, Dragutin"]
[Black "Christiansen, Larry Mark"]
[Result "1-0"]
[WhiteElo "2460"]
[BlackElo "2460"]

1.d4 g6 2.c4 Bg7 3.Nc3 d6 4.e4 Nf6 5.Nf3 O-O 6.Be2 Nbd7 7.O-O e5 8.Be3 c6
9.d5 Nc5 10.Nd2 a5 11.a3 Nfd7 12.b4 axb4 13.axb4 Rxa1 14.Qxa1 Na6 15.dxc6 bxc6
16.b5 Nb4 17.Qb2 c5 18.Na2 Nxa2 19.Qxa2 f5 20.f3 Bb7 21.Rd1 Qc7 22.Qc2 f4
23.Bf2 Ra8 24.Nb1 Nb6 25.Nc3 Bc8 26.Qd2 Be6 27.Qxd6 Qxd6 28.Rxd6 Ra1+ 29.Rd1 Rxd1+
30.Nxd1 Na4 31.Kf1 Kf7 32.Ke1 Ke7 33.Kd2 Kd6 34.Kc2 Bf6 35.Kb3 Nb6 36.Nc3 Bd8
37.Nd1 g5 38.g3 h6 39.gxf4 gxf4 40.Nb2 Bf7 41.Kc3 Nd7 42.Nd3 Ba5+ 43.Kb3 Bd8
44.Be1 Be6 45.Bf1 Nb6 46.Nb2 Nd7 47.Na4 h5 48.Nc3 Nb6 49.Nd5 Nd7 50.Ka3 Nb6
51.Kb3 Nc8 52.Nc3 Nb6 53.Na2 Nd7 54.Nc1 Nf8 55.Nd3 Nd7 56.Bc3 Bc7 57.Nf2 Bg8
58.Nd3 Be6 59.Nc1 Bd8 60.Be1 Bg8 61.Bf2 Nb6 62.Kc3 Be6 63.Nb3 Nd7 64.Kc2 Bb6
65.Be1 Nf8 66.Kb2 Bf7 67.Bh4 Nd7 68.Kc3 Be6 69.Be1 Kc7 70.Kd3 Kd6 71.Na5 Nf8
72.Bc3 Ng6 73.Nb3 Nf8 74.Nc1 Nd7 75.Kc2 Bd8 76.Kb3 Bc7 77.Ne2 Bd8 78.Ng1 Bg8
79.Be1 Bf7 80.Ne2 Be6 81.Nc3 Nb6 82.Nb1 Nd7 83.Na3 Bc7 84.Bh4 Nb6 85.Nb1 Nc8
86.Nc3 Ba5 87.Nd5 Bd2 88.Nf6 Bf7 89.Bh3 Nb6 90.Nd5 Nxd5 91.cxd5 Ba5 92.Kc4 Be8
93.Bf6 Bc7 94.Bf5 Bf7 95.h4 Be8 96.Bg7 Bd8 97.Bf8+ Kc7 98.Kxc5 Bxh4 99.Bd6+ Kb7
100.Bxe5 Bf2+ 101.Kc4  1-0

[Event "Rubinstein mem"]
[Site "Polanica Zdroj"]
[Date "1977.??.??"]
[Round "15"]
[White "Adamski, Jan"]
[Black "Diesen, Mark C"]
[Result "1/2-1/2"]
[WhiteElo "2470"]
[BlackElo "2360"]

1.c4 Nf6 2.Nf3 g6 3.Nc3 Bg7 4.e4 d6 5.d4 O-O 6.Be2 e5 7.Be3 Ng4 8.Bg5 f6
9.Bh4 g5 10.Bg3 Nh6 11.dxe5 dxe5 12.Qxd8 Rxd8 13.Nd5 Rd7 14.O-O-O Na6 15.Nd2 c6
16.Nc3 Bf8  1/2-1/2

[Event "Santos Lugares"]
[Site "Santos Lugares"]
[Date "1977.??.??"]
[Round "11"]
[White "Sanguineti, Raul"]
[Black "Garcia, R."]
[Result "1/2-1/2"]
[WhiteElo "2520"]
[BlackElo "2435"]

1.Nf3 Nf6 2.c4 g6 3.Nc3 Bg7 4.d4 O-O 5.e4 d6 6.Be2 e5 7.dxe5 dxe5 8.Qxd8 Rxd8
9.Bg5 Re8 10.Nd5 Nxd5 11.cxd5 c6 12.Bc4 cxd5 13.Bxd5 Nd7 14.Nd2  1/2-1/2

[Event "Sao Paulo"]
[Site "Sao Paulo"]
[Date "1977.??.??"]
[Round "6"]
[White "Bronstein, Luis"]
[Black "Camara, Helder"]
[Result "0-1"]
[WhiteElo "2385"]
[BlackElo "2320"]

1.d4 Nf6 2.c4 g6 3.Nc3 Bg7 4.e4 d6 5.Be2 O-O 6.Nf3 e5 7.O-O Nbd7 8.Qc2 a5
9.Rd1 exd4 10.Nxd4 Qe7 11.Bg5 c6 12.f4 h6 13.Bh4 Nc5 14.Bf3 Qc7 15.h3 Re8
16.Bf2 Nfd7 17.Ndb5 cxb5 18.Nxb5 Qb8 19.Nxd6 Re6 20.e5 Rxd6 21.Rxd6 Qc7 22.Rad1 Nf8
23.g4 Bd7 24.Bg3 Re8 25.Qf2 Nfe6 26.Qd2 Bc8 27.Bg2 Bf8 28.f5 Ng5 29.fxg6 Nce4
30.gxf7+ Qxf7 31.Qd3 Bxd6 32.exd6 Bd7 33.Rf1 Qg7 34.h4 Nxg3 35.Qxg3 Ne4 36.Qf4 Bxg4
37.Bxe4 Bf3+ 38.Kf2 Qg2+ 39.Ke3 Rxe4+ 40.Qxe4 Bxe4 41.d7 Qh3+ 42.Kxe4 Qxd7  0-1

[Event "Sao Paulo"]
[Site "Sao Paulo"]
[Date "1977.??.??"]
[Round "9"]
[White "Rocha, Antonio"]
[Black "Camara, Helder"]
[Result "1-0"]
[WhiteElo "2365"]
[BlackElo "2320"]

1.Nf3 Nf6 2.c4 g6 3.Nc3 Bg7 4.d4 O-O 5.e4 d6 6.Be2 e5 7.O-O Nbd7 8.Re1 exd4
9.Nxd4 Re8 10.Bf1 Nc5 11.f3 a5 12.Ndb5 Bd7 13.Be3 Bxb5 14.Nxb5 Nfd7 15.Qc2 Ne6
16.Rad1 b6 17.b3 Ndc5 18.g3 Qf6 19.Bg2 Rad8 20.f4 Na6 21.Rd2 Qe7 22.a3 Nb8
23.Nc3 c5 24.Nd5 Qa7 25.f5 Nd4 26.Bxd4 Bxd4+ 27.Rxd4 cxd4 28.Qd2 Kh8 29.Nf6 Qe7
30.Nxe8 Rxe8 31.Qxd4+ Qe5 32.Rd1 gxf5 33.exf5 Qxd4+ 34.Rxd4 Nd7 35.Bc6 Re7
36.Rxd6 Nf8 37.Bd5 f6 38.Rxb6 Re1+ 39.Kf2 Rb1 40.Rb8 Kg7 41.Rb7+ Kh6 42.Rf7  1-0

[Event "Sochi"]
[Site "Sochi"]
[Date "1977.??.??"]
[Round "12"]
[White "Ftacnik, Lubomir"]
[Black "Tal, Mihail"]
[Result "1/2-1/2"]
[WhiteElo "2360"]
[BlackElo "2620"]

1.c4 e5 2.Nc3 d6 3.d4 Nd7 4.Nf3 g6 5.e4 Bg7 6.Be2 Ngf6 7.O-O O-O 8.Re1 c6
9.Bf1 a5 10.Rb1 Re8 11.d5 Nc5 12.b3 Bd7 13.Nd2 Bh6 14.a3 cxd5 15.cxd5 Rf8
16.Nc4 Bxc1 17.Qxc1 Qc7 18.b4 axb4 19.axb4 Na4 20.Nxa4 Bxa4 21.Qe3 Bc2 22.Rbc1 Bxe4
23.f4 Qd8 24.fxe5 dxe5 25.d6 Re8 26.Red1 Re6 27.d7 Bc6 28.Nxe5 Nxd7 29.Nxc6 bxc6
30.Qd4 Qb6 31.Qxb6 Nxb6 32.b5 cxb5 33.Bxb5 Ra5 34.Rb1 Kg7 35.Rd2 h5 36.Bf1 Nc8
37.Rd7 Nd6 38.Rd1 Nf5 39.Bc4 Rf6 40.Rf1 Re5 41.Bd3 Ne3 42.Rxf6 Kxf6 43.h3 h4
44.Rd4 Kg5 45.Bc4 f5 46.Kf2 f4 47.Bd3 Nd5 48.Re4 Rxe4 49.Bxe4 Nf6 50.Bc2 Nd7
51.Be4 Ne5 52.Bb7  1/2-1/2

[Event "Stary Smokovec"]
[Site "Stary Smokovec"]
[Date "1977.??.??"]
[Round "5"]
[White "Ftacnik, Lubomir"]
[Black "Banas, Jan"]
[Result "1-0"]
[WhiteElo "2350"]
[BlackElo "2355"]

1.c4 Nf6 2.Nc3 g6 3.Nf3 Bg7 4.e4 d6 5.d4 O-O 6.Be2 e5 7.O-O Nbd7 8.Re1 exd4
9.Nxd4 Re8 10.f3 Nc5 11.Be3 a5 12.Qd2 c6 13.Rad1 Nfd7 14.Bf1 a4 15.Nde2 Be5
16.f4 Bf6 17.Qxd6 Nxe4 18.Nxe4 Rxe4 19.Nc3 Re6 20.Qd2 Qa5 21.Bd4 Bxd4+ 22.Qxd4 Nc5
23.a3 Rxe1 24.Rxe1 Be6 25.Re5 b6 26.Ne4 Qa7 27.Nf6+ Kg7 28.Re1 h6 29.f5 gxf5
30.Re3 f4 31.Qxf4 Rd8 32.Rg3+ Kf8 33.Qh4 Ra8 34.Rg8+ Ke7 35.Nd5+ Kd6 36.Rxa8 Qxa8
37.Qf4+  1-0

[Event "Stary Smokovec"]
[Site "Stary Smokovec"]
[Date "1977.??.??"]
[Round "8"]
[White "Cvetkovic, Srdjan"]
[Black "Szilagyi, Gyorgy"]
[Result "1-0"]
[WhiteElo "2395"]
[BlackElo "2370"]

1.Nf3 Nf6 2.c4 g6 3.Nc3 Bg7 4.e4 d6 5.d4 O-O 6.Be2 e5 7.d5 a5 8.Bg5 h6 9.Bh4 g5
10.Bg3 Nh5 11.Nd2 Nf4 12.O-O Na6 13.Bg4 Nc5 14.Bxc8 Qxc8 15.Nb3 b6 16.Nxc5 bxc5
17.a4 f5 18.f3 fxe4 19.fxe4 Qe8 20.Nb5 Qd7 21.h3 Bf6 22.Kh2 Rf7 23.Ra3 Rh7
24.Rb3 h5 25.Kg1 Kh8 26.Be1 h4 27.Bd2 Kg7 28.Qg4 Kg6 29.Qxd7 Rxd7 30.Nc3 Ra6
31.Rb5 Bd8 32.Bxf4 exf4 33.e5 dxe5 34.Ne4 Be7 35.Re1 Kf5 36.Kf2 c6 37.Nxc5 Bxc5+
38.Rxc5 cxd5 39.cxd5 Rb7 40.Re2 Rab6 41.d6 Rxb2 42.Rxe5+ Kf6 43.Rxa5 Rxe2+
44.Kxe2 Rb2+ 45.Kd3 Ke6 46.Rxg5 Kxd6 47.a5 f3 48.gxf3 Rh2 49.a6 Rxh3 50.Ke3 Kc7
51.Rb5 Rh1 52.Rb7+ Kd6 53.Rh7 Ke5 54.Rh5+ Kf6 55.Ra5 Re1+ 56.Kf4 Re8 57.a7 Ra8
58.Ra6+  1-0

[Event "SWE-ch"]
[Site "?"]
[Date "1977.??.??"]
[Round "?"]
[White "Ornstein, Axel"]
[Black "Wedberg, Tom"]
[Result "1/2-1/2"]
[WhiteElo "2440"]
[BlackElo "2350"]

1.Nf3 Nf6 2.c4 g6 3.Nc3 Bg7 4.e4 O-O 5.d4 d6 6.Be2 e5 7.dxe5 dxe5 8.Qxd8 Rxd8
9.Bg5 Re8 10.O-O-O h6 11.Be3 Na6 12.Ne1 Be6 13.Nc2 Bf8 14.f3 c6 15.a3 Kh7
16.b4 Nc7 17.Kb2 Nd7 18.c5 b6 19.b5 bxc5 20.bxc6 Nb6 21.Ka1 Bb3 22.Kb2 Bc4
23.Bxc4 Nxc4+ 24.Ka2 Re6 25.Rd7 Rxc6 26.Rxf7+ Kg8 27.Rd7 Nb6 28.Rdd1 Ne6
29.Bf2 Nd4 30.Ne3 h5 31.Ned5 Kf7 32.Rb1 Ke6 33.a4 Nc2 34.Rhc1 Nb4+ 35.Nxb4 cxb4
36.Nb5 Rac8 37.Rxc6+ Rxc6 38.Bxb6 Rxb6 39.Rc1 a6 40.Nc7+ Kd7 41.Kb3 a5 42.Nd5 Rc6
43.Rxc6 Kxc6 44.Kc4 Bc5 45.g4 Kd6 46.gxh5 gxh5 47.f4 Bg1 48.h3 exf4 49.Nxf4 Bh2
50.Nd3 Ke6 51.Kd4 Bg1+ 52.Kc4 Bh2 53.Kd4 Bg1+ 54.Kc4 Bh2  1/2-1/2

[Event "Yerevan"]
[Site "Yerevan"]
[Date "1977.??.??"]
[Round "2"]
[White "Averkin, Orest N"]
[Black "Efimov, Igor"]
[Result "1/2-1/2"]
[WhiteElo "2455"]
[BlackElo "2200"]

1.d4 Nf6 2.c4 g6 3.Nc3 Bg7 4.e4 d6 5.Nf3 O-O 6.Be2 e5 7.O-O Nbd7 8.Re1 c6
9.Bf1 a5 10.h3 exd4 11.Nxd4 Re8 12.Bf4 Nc5 13.Qc2 Nh5 14.Be3 Nf6 15.Bf4 Nh5
16.Be3 Nf6 17.Bf4 Nh5 18.Be3  1/2-1/2

[Event "JUG-ch"]
[Site "Zagreb"]
[Date "1977.??.??"]
[Round "3"]
[White "Sahovic, Dragutin"]
[Black "Bertok, Mario"]
[Result "1/2-1/2"]
[WhiteElo "2460"]
[BlackElo "2425"]

1.d4 Nf6 2.c4 g6 3.Nc3 Bg7 4.Nf3 O-O 5.e4 d6 6.Be2 e5 7.Be3 Re8 8.d5 Ng4
9.Bg5 f6 10.Bh4 Nh6 11.Nd2 Nf7 12.f3 Bh6 13.Bf2 c5 14.dxc6 bxc6 15.b4 Nd7
16.Nb3 Nf8 17.h4 Kg7 18.g3 Ne6 19.c5 dxc5 20.Nxc5 Nxc5 21.Bxc5 Be6 22.O-O Qc7
23.Qc2 a5 24.a3 Red8  1/2-1/2

[Event "Beersheba"]
[Site "Beersheba"]
[Date "1978.??.??"]
[Round "10"]
[White "Keene, Raymond D"]
[Black "Pasman, Michael"]
[Result "1-0"]
[WhiteElo "2480"]
[BlackElo "2395"]

1.d4 Nf6 2.c4 d6 3.Nc3 e5 4.Nf3 Nbd7 5.e4 g6 6.Be2 Bg7 7.O-O O-O 8.d5 Nc5
9.Qc2 a5 10.Bg5 h6 11.Be3 Ng4 12.Bxc5 dxc5 13.h3 Nf6 14.Nxe5 Nxd5 15.cxd5 Bxe5
16.f4 Bd4+ 17.Kh2 c6 18.dxc6 bxc6 19.Rad1 Qh4 20.e5 Rb8 21.b3 Kg7 22.Bc4 f6
23.e6 f5 24.Ne2 Qf6 25.Nxd4 cxd4 26.Rfe1 Re8 27.Qd2 Bxe6 28.Bxe6 Rxe6 29.Rxe6 Qxe6
30.Qxd4+ Kg8 31.Qa7 Rf8 32.Rd7 Rf7 33.Rxf7 Qxf7 34.Qxa5 Qd7 35.Qc3 Kh7 36.Qe3 g5
37.fxg5 Qd6+ 38.g3 hxg5 39.Qxg5 Qc5 40.Qd2 Kg6 41.h4 Kf7 42.Kg2 Qb5 43.Qe3 Qd5+
44.Qf3 Qa5 45.a4 Qe5 46.Qxc6 Qb2+ 47.Kf3 Qxb3+ 48.Kf4 Qb8+ 49.Kxf5 Qxg3 50.Qf6+  1-0

[Event "JUG-ch"]
[Site "Belgrade"]
[Date "1978.??.??"]
[Round "?"]
[White "Kovacevic, Vlatko"]
[Black "Ivanovic, Bozidar"]
[Result "1-0"]
[WhiteElo "2505"]
[BlackElo "2460"]

1.d4 Nf6 2.Nf3 g6 3.c4 Bg7 4.Nc3 O-O 5.e4 d6 6.Be2 Nbd7 7.O-O e5 8.Re1 c6
9.Bf1 Re8 10.d5 Qc7 11.Rb1 a5 12.a3 Bf8 13.h3 a4 14.Be3 Qa5 15.Bd3 Ra6 16.g4 Ra8
17.Nd2 h5 18.Be2 hxg4 19.hxg4 Nc5 20.Kg2 Bd7 21.Rh1 Nh7 22.Qg1 f6 23.Rxh7 Kxh7
24.Qh2+ Kg8 25.Rh1 Bg7 26.Qh7+ Kf7 27.Bh6 Rg8 28.g5 fxg5 29.Nf3 Qd8 30.Nxg5+ Kf6
31.f4 exf4 32.Rf1 Bf5 33.exf5 Bxh6 34.Qxh6 Qe7 35.Ne6 Nxe6 36.fxe6  1-0

[Event "JUG-ch"]
[Site "Belgrade"]
[Date "1978.??.??"]
[Round "?"]
[White "Bukic, Enver"]
[Black "Ivanovic, Bozidar"]
[Result "0-1"]
[WhiteElo "2500"]
[BlackElo "2460"]

1.d4 Nf6 2.c4 g6 3.Nc3 Bg7 4.e4 O-O 5.Nf3 d6 6.Be2 e5 7.Be3 Qe7 8.dxe5 dxe5
9.Nd5 Nxd5 10.cxd5 c6 11.d6 Qe6 12.Ng5 Qe8 13.Qd2 f6 14.Nf3 Be6 15.O-O Qf7
16.Qa5 Rc8 17.Rfd1 c5 18.b4 cxb4 19.Qxb4 Bf8 20.h3 a6 21.a4 Nc6 22.Qb6 Rd8
23.Bc5 Rac8 24.Rab1 Rd7 25.Rd2 Bc4 26.Bd1 Rcd8 27.Bb3 Kg7 28.Rc2 Bxb3 29.Rxb3 Bxd6
30.Bxd6 Rxd6 31.Qxb7 R8d7  0-1

[Event "Bogota"]
[Site "Bogota"]
[Date "1978.??.??"]
[Round "?"]
[White "Hernandez, Roman"]
[Black "Cuartas, Carlos"]
[Result "0-1"]
[WhiteElo "2465"]
[BlackElo "2400"]

1.d4 Nf6 2.c4 d6 3.Nc3 Nbd7 4.Nf3 g6 5.e4 e5 6.Be2 Bg7 7.O-O O-O 8.Be3 Ng4
9.Bg5 f6 10.Bc1 Nh6 11.dxe5 dxe5 12.b4 Nf7 13.c5 Kh8 14.Ba3 c6 15.b5 f5 16.bxc6 bxc6
17.Qa4 Qf6 18.Rfd1 Nb8 19.Bc4 Be6 20.Rab1 Bxc4 21.Qxc4 f4 22.h3 g5 23.Rb7 h5
24.Qe2 g4 25.hxg4 hxg4 26.Nh2 f3 27.gxf3 Ng5 28.Bc1 Nxf3+ 29.Nxf3 gxf3 30.Qf1 Qh4
31.Ne2 fxe2 32.Qxe2 Rg8 33.Qf3 Na6 34.Rf7 Raf8  0-1

[Event "Buenos Aires ol (Men)"]
[Site "Buenos Aires"]
[Date "1978.??.??"]
[Round "?"]
[White "Kortschnoj, Viktor"]
[Black "Kavalek, Lubomir"]
[Result "1-0"]
[WhiteElo "2665"]
[BlackElo "2570"]

1.d4 g6 2.e4 d6 3.c4 Bg7 4.Nc3 Nf6 5.Be2 O-O 6.Nf3 e5 7.Bg5 h6 8.Bh4 g5 9.dxe5 gxh4
10.exf6 Qxf6 11.Qd2 Be6 12.Rd1 Nd7 13.Qe3 Ne5 14.Nxe5 dxe5 15.Nd5 Bxd5 16.cxd5 Rfd8
17.O-O Bf8 18.Bc4 Bd6 19.Rd3 Kh8 20.Qh3 Rg8 21.Rf3 Qe7 22.Kh1 Rg6 23.Rf5 Rag8
24.Rh5 Kh7 25.Rxh4 Qg5 26.g3 Rf6 27.Be2 Qd2 28.Bg4 Rxf2 29.Bf5+ Kh8 30.Rxh6+ Kg7
31.Rh7+ Kf8 32.Be6 Rg7 33.Rh8+ Ke7 34.Bc8 Rxf1+ 35.Qxf1 Qe3 36.Bf5 Bc5 37.Kg2 Qd2+
38.Kh3 Bf2 39.Qb5 c6 40.Qxb7+ Kf6 41.Qxc6+  1-0

[Event "Buenos Aires ol (Men)"]
[Site "Buenos Aires"]
[Date "1978.??.??"]
[Round "?"]
[White "Ogaard, Leif"]
[Black "Fernandez, A."]
[Result "0-1"]
[WhiteElo "2435"]
[BlackElo "2310"]

1.c4 g6 2.d4 Bg7 3.Nc3 Nf6 4.e4 d6 5.Be2 O-O 6.Nf3 e5 7.O-O Nbd7 8.Re1 c6
9.Bf1 exd4 10.Nxd4 Re8 11.Nb3 Qe7 12.Bg5 Qf8 13.Qd2 a5 14.Rad1 a4 15.Nc1 Nc5
16.f3 Ne6 17.Be3 a3 18.b4 Nh5 19.N1e2 Qe7 20.g4 Nf6 21.Ng3 Nd7 22.Rc1 Ne5
23.Be2 Nf8 24.Nd1 Be6 25.Nf2 b5 26.cxb5 cxb5 27.Bd4 Red8 28.f4 Nc4 29.Bxc4 Bxd4
30.Qxd4 Bxc4 31.Qd2 h6 32.Rc3 Qf6 33.g5 hxg5 34.fxg5 Qe6 35.Qc1 Nd7 36.Rxa3 Ne5
37.Ree3 Bxa2 38.Rxa8 Rxa8 39.Ra3 Ra4 40.Rc3 Bc4 41.Qd1 Qd7 42.h4 Rxb4 43.h5 Ra4
44.hxg6 fxg6 45.Nf5 gxf5 46.Qh5 Ra1+ 47.Kg2 fxe4 48.Nxe4 Bd5 49.Qe2 Ra4  0-1

[Event "Buenos Aires ol (Men)"]
[Site "Buenos Aires"]
[Date "1978.??.??"]
[Round "?"]
[White "Schmidt, Wlodzimierz"]
[Black "Trois, Francisco RT"]
[Result "1-0"]
[WhiteElo "2505"]
[BlackElo "2385"]

1.Nf3 Nf6 2.c4 g6 3.Nc3 Bg7 4.e4 d6 5.d4 O-O 6.Be2 e5 7.O-O Nbd7 8.Re1 c6
9.Bf1 a5 10.Rb1 Re8 11.d5 Nc5 12.b3 Qc7 13.a3 cxd5 14.cxd5 Bd7 15.Nd2 Rf8
16.a4 Ne8 17.Bb5 f5 18.Bxd7 Qxd7 19.Nc4 Qf7 20.f3 fxe4 21.Nxe4 Nxe4 22.fxe4 Qf2+
23.Kh1 Qh4 24.Qe2 Nf6 25.g3 Qh3 26.Qg2 Qh5 27.Bd2 Ng4 28.Rf1 Bh6 29.Bxh6 Qxh6
30.Qe2 Qh3 31.Kg1 h5 32.Qg2 Qxg2+ 33.Kxg2 Ra6 34.Rxf8+ Kxf8 35.b4 axb4 36.Rxb4 Nf6
37.Kf3 Ne8 38.a5 Ra7 39.Ke3 Ke7 40.Rb1 Nf6 41.h3 Nd7 42.Kf3 Nf6 43.Rb6 Ne8
44.g4 hxg4+ 45.Kxg4 Nf6+ 46.Kf3 Ne8 47.h4 Kf7 48.Kg3 Kg7 49.Kg4 Nf6+ 50.Kf3 Ne8
51.Nxd6 Nxd6 52.Rxd6 Rxa5 53.Re6 Ra3+ 54.Kg4 b5 55.Rxe5 b4 56.Re7+ Kf6 57.d6  1-0